Pháp quyền nhân nghĩa Hồ Chí Minh

সংরক্ষণ করুন:
গ্রন্থ-পঞ্জীর বিবরন
প্রধান লেখক: Vũ, Đình Hòe
বিন্যাস: গ্রন্থ
ভাষা:Undetermined
প্রকাশিত: Hà Nội VHTT 2001
বিষয়গুলি:
ট্যাগগুলো: ট্যাগ যুক্ত করুন
কোনো ট্যাগ নেই, প্রথমজন হিসাবে ট্যাগ করুন!
Thư viện lưu trữ: Trung tâm Học liệu Trường Đại học Cần Thơ
LEADER 00487nam a2200169Ia 4500
001 CTU_46596
008 210402s9999 xx 000 0 und d
082 |a 335.4346 
082 |b H420 
100 |a Vũ, Đình Hòe 
245 0 |a Pháp quyền nhân nghĩa Hồ Chí Minh 
245 0 |c VŨ ĐÌNH HÒE 
260 |a Hà Nội 
260 |b VHTT 
260 |c 2001 
650 |a communists - vietnam - biography 
980 |a Trung tâm Học liệu Trường Đại học Cần Thơ